[Event "4NCL/Div4/PONTY vs. HAL"]
[Site "Nottingham ENG"]
[Date "2006.02.12"]
[Round "6.2"]
[White "Cooper, Gavin"]
[Black "Taylor, Robert G"]
[Result "0-1"]
[WhiteElo "2065"]
[BlackElo "2002"]
[PlyCount "98"]
[EventDate "2006.02.12"]
[SourceDate "2005.10.25"]

1. e4 g6 2. d4 Bg7 3. Nf3 d6 4. Bc4 c6 5. O-O Nf6 6. Qe2 O-O 7. Bb3 Qc7 8. e5
dxe5 9. dxe5 Nd5 10. h3 Na6 11. Re1 Nc5 12. Bxd5 cxd5 13. Nc3 Be6 14. Bg5 h6
15. Bh4 Rfe8 16. Rad1 Rad8 17. Nd4 Qd7 18. g4 Na4 19. Nxa4 Qxa4 20. Qd3 Qd7 21.
f4 f5 22. exf6 exf6 23. Qxg6 Bf7 24. Qd3 Qc7 25. Bg3 Qb6 26. f5 Qxb2 27. Ne6
Rc8 28. Re2 Rc3 29. Qxd5 Rxg3+ 30. Kh2 Rc3 31. Rdd2 Qa3 32. Rd3 Rxd3 33. cxd3
Qa6 34. Qe4 Qc6 35. Qd4 b6 36. Qe3 Bf8 37. d4 Qd6+ 38. Kg1 Qa3 39. Qf4 Qd6 40.
Qe3 Qa3 41. Qf4 Rc8 42. h4 Rc1+ 43. Kg2 Bd6 44. Qf2 Rc3 45. Nf4 Bxf4 46. Qxf4
Bd5+ 47. Kh2 Rh3+ 48. Kg1 Qg3+ 49. Qxg3 Rxg3+ 0-1

[Event "4NCL/Div4/PONTY vs. HAL"]
[Site "Nottingham ENG"]
[Date "2006.02.12"]
[Round "6.3"]
[White "Davies, Peter L"]
[Black "Tarr, Steve"]
[Result "1-0"]
[WhiteElo "1929"]
[BlackElo "1940"]
[PlyCount "37"]
[EventDate "2006.02.12"]
[SourceDate "2005.10.25"]

1. e4 c5 2. c3 Nf6 3. e5 Nd5 4. d4 cxd4 5. Nf3 Nc6 6. cxd4 d6 7. exd6 Qxd6 8.
Nc3 Bg4 9. Nxd5 Qxd5 10. Be2 Rd8 11. O-O Nxd4 12. Nxd4 Bxe2 13. Qxe2 Qxd4 14.
Be3 Qe5 15. Rfd1 Rxd1+ 16. Rxd1 e6 17. Qc4 Qb8 18. Qb5+ Ke7 19. Rd7+ 1-0

[Event "4NCL/Div4/PONTY vs. HAL"]
[Site "Nottingham ENG"]
[Date "2006.02.12"]
[Round "6.4"]
[White "Peck, Windsor W"]
[Black "Lobo, Richard"]
[Result "1/2-1/2"]
[WhiteElo "1910"]
[BlackElo "1945"]
[PlyCount "58"]
[EventDate "2006.02.12"]
[SourceDate "2005.10.25"]

1. d4 Nf6 2. Nf3 g6 3. Nc3 Bg7 4. e4 d6 5. Be3 O-O 6. Qd2 e5 7. dxe5 dxe5 8.
O-O-O Qe7 9. Be2 Nc6 10. Kb1 Be6 11. a3 Rfd8 12. Qc1 Na5 13. Rxd8+ Rxd8 14. Rd1
Rxd1 15. Qxd1 Nc4 16. Bc1 Nd6 17. Bd3 Nd7 18. Be3 a6 19. Qd2 Nc4 20. Bxc4 Bxc4
21. b3 Be6 22. Nd5 Qd6 23. c4 f5 24. Ng5 Bf7 25. Nxf7 Kxf7 26. f3 f4 27. Bf2 c6
28. Qb4 Qxb4 29. Nxb4 Bf8 1/2-1/2

[Event "4NCL/Div4/PONTY vs. HAL"]
[Site "Nottingham ENG"]
[Date "2006.02.12"]
[Round "6.5"]
[White "Lobo, Robert J"]
[Black "Llewelyn, John D"]
[Result "0-1"]
[WhiteElo "1565"]
[BlackElo "1795"]
[PlyCount "100"]
[EventDate "2006.02.12"]
[SourceDate "2005.10.25"]

1. e4 e5 2. Nf3 Nc6 3. Bb5 a6 4. Bxc6 dxc6 5. Nc3 f6 6. d4 Bg4 7. dxe5 Qxd1+ 8.
Nxd1 Bxf3 9. gxf3 fxe5 10. Bg5 Be7 11. Bxe7 Nxe7 12. Ne3 O-O-O 13. Nc4 Ng6 14.
Nd2 Rhf8 15. O-O-O Nf4 16. Kb1 Rd7 17. Nc4 Ng6 18. Kc1 Rxf3 19. Rdf1 Rdf7 20.
Nd2 Rxf2 21. Kb1 Kd7 22. Rd1 Ke6 23. Nc4 Re2 24. Na5 Rff2 25. Rc1 Nf4 26. Rhd1
Rxh2 27. Nxb7 Rxe4 28. Nc5+ Kf5 29. Nxe4 Kxe4 30. Re1+ Re2 31. Rg1 g6 32. Rge1
Rxe1 33. Rxe1+ Kf5 34. Kc1 h5 35. Kd2 e4 36. Rf1 Ke5 37. Rg1 Kf5 38. Ke3 g5 39.
Rd1 Nd5+ 40. Kf2 h4 41. Rf1 Ke5 42. c3 c5 43. Kg2 Ne3+ 44. Kf2 Nxf1 45. Kxf1
Kf4 46. Kf2 e3+ 47. Ke2 h3 48. Kf1 Kf3 49. Kg1 e2 50. Kh2 e1=Q 0-1

[Event "4NCL/Div4/PONTY vs. HAL"]
[Site "Nottingham ENG"]
[Date "2006.02.12"]
[Round "6.6"]
[White "Evans, Joyce"]
[Black "Warden, Peter"]
[Result "0-1"]
[WhiteElo "1440"]
[BlackElo "1378"]
[PlyCount "74"]
[EventDate "2006.02.12"]
[SourceDate "2005.10.25"]

1. e4 c5 2. Nf3 Nc6 3. Bc4 h6 4. d3 e5 5. Be3 a6 6. a3 d6 7. Nc3 Nf6 8. O-O Bd7
9. Qd2 Qc8 10. Nd5 Nxd5 11. Bxd5 Nd4 12. Bxd4 cxd4 13. Rac1 Be6 14. Bxe6 Qxe6
15. c3 dxc3 16. Rxc3 Be7 17. Rfc1 O-O 18. b4 Rfd8 19. Qe3 d5 20. exd5 Rxd5 21.
Rc4 Rad8 22. R4c3 a5 23. bxa5 Rxa5 24. Ra1 b5 25. Nxe5 b4 26. Nc6 Qxe3 27. fxe3
bxc3 28. Nxa5 Rxd3 29. e4 c2 30. Rc1 Rd1+ 31. Rxd1 cxd1=Q+ 32. Kf2 Bc5+ 33. Kg3
Qe1+ 34. Kg4 Qxa5 35. g3 Qxa3 36. h4 Bd4 37. Kf5 Qf3# 0-1

[Event "4NCL/Div4/ADD vs. ATH2"]
[Site "Nottingham ENG"]
[Date "2006.02.12"]
[Round "6.1"]
[White "Hamilton, Robert"]
[Black "Kay, Jonathan"]
[Result "1/2-1/2"]
[WhiteElo "2025"]
[BlackElo "1940"]
[PlyCount "72"]
[EventDate "2006.02.12"]
[EventType "team"]
[EventRounds "11"]
[EventCountry "ENG"]
[SourceDate "2005.10.25"]

1. e4 c5 2. c3 d5 3. exd5 Qxd5 4. d4 cxd4 5. cxd4 Nc6 6. Nf3 e5 7. Nc3 Bb4 8.
Bd2 Bxc3 9. Bxc3 e4 10. Ne5 Nxe5 11. dxe5 Qxd1+ 12. Rxd1 a6 13. Bc4 Ne7 14. h3
Bf5 15. Ke2 h5 16. Ke3 O-O 17. Rd6 Rfe8 18. Kf4 Rac8 19. Bb3 Rc5 20. Bd4 Rc7
21. g4 hxg4 22. hxg4 Bg6 23. e6 fxe6 24. Bxe6+ Bf7 25. Rh8+ Kxh8 26. Bxf7 Nf5
27. Bxe8 Nxd6 28. Be5 Nxe8 29. Bxc7 Nxc7 30. Kxe4 Kg8 31. Ke5 Kf7 32. Kd6 Ne8+
33. Kc5 Ke6 34. Kb6 Nd6 35. a4 g5 36. b4 Kd5 1/2-1/2

[Event "4NCL/Div4/ADD vs. ATH2"]
[Site "Nottingham ENG"]
[Date "2006.02.12"]
[Round "6.2"]
[White "Aniecko, Colin"]
[Black "Waldock, Adrian"]
[Result "0-1"]
[WhiteElo "1855"]
[BlackElo "1885"]
[PlyCount "68"]
[EventDate "2006.02.12"]
[EventType "team"]
[EventRounds "11"]
[EventCountry "ENG"]
[SourceDate "2005.10.25"]

1. e4 c5 2. d4 cxd4 3. c3 d3 4. Bxd3 Nc6 5. Bf4 d6 6. h3 Nf6 7. Nf3 e6 8. O-O
Be7 9. Qc2 O-O 10. Na3 a6 11. Rad1 Qc7 12. Rfe1 e5 13. Bc1 b5 14. Qe2 Be6 15.
b3 Rfc8 16. Ng5 Bd7 17. Nc2 h6 18. Nf3 Bf8 19. Nh4 Be6 20. Qf3 Nh7 21. Qg3 Kh8
22. Ne3 Ne7 23. Bb2 Nf6 24. Qf3 Rab8 25. Nhf5 Bxf5 26. Nxf5 Nxf5 27. Qxf5 Qe7
28. f4 g6 29. Qxc8 Rxc8 30. fxe5 dxe5 31. c4 Bg7 32. Ba1 Nh5 33. cxb5 axb5 34.
Bxb5 Qc5+ 0-1

[Event "4NCL/Div4/ADD vs. ATH2"]
[Site "Nottingham ENG"]
[Date "2006.02.12"]
[Round "6.3"]
[White "Burgess, Thomas"]
[Black "Wilson, David"]
[Result "1-0"]
[WhiteElo "1820"]
[BlackElo "1765"]
[PlyCount "121"]
[EventDate "2006.02.12"]
[EventType "team"]
[EventRounds "11"]
[EventCountry "ENG"]
[SourceDate "2005.10.25"]

1. d4 g6 2. Bf4 Bg7 3. e3 c5 4. c3 Qb6 5. Qb3 Nf6 6. Be2 Nc6 7. Nd2 O-O 8. h3
d6 9. Ngf3 Qxb3 10. axb3 Nd5 11. Bh2 e5 12. dxc5 dxc5 13. Nc4 f6 14. O-O Be6
15. Nd6 b6 16. Nd2 Rad8 17. N2c4 Rd7 18. Rfd1 Rfd8 19. Bf3 Rxd6 20. Nxd6 Rxd6
21. c4 Na5 22. Bxd5 Bxd5 23. Rxd5 Rxd5 24. cxd5 Kf8 25. Kf1 Ke7 26. Ke2 Kd6 27.
Rxa5 bxa5 28. e4 h5 29. Kd3 Bh6 30. g4 h4 31. Bg1 Bc1 32. Kc2 Bf4 33. f3 Bg3
34. Be3 g5 35. Bd2 Bf2 36. Bxa5 Kd7 37. Kd3 a6 38. Kc4 Bd4 39. Bc3 Be3 40. b4
cxb4 41. Bxb4 Bd4 42. b3 Bb6 43. Bc5 Bd8 44. Bb4 Bb6 45. Ba3 Kd8 46. Bc5 Bc7
47. d6 Bb8 48. Kd5 Kd7 49. b4 Ke8 50. Ke6 Bxd6 51. Bxd6 a5 52. bxa5 f5 53. exf5
e4 54. fxe4 Kd8 55. f6 Kc8 56. f7 Kb7 57. f8=Q Ka6 58. Qb8 Kxa5 59. Kd5 Ka6 60.
Kc5 Ka5 61. Qa7# 1-0

[Event "4NCL/Div4/ADD vs. ATH2"]
[Site "Nottingham ENG"]
[Date "2006.02.12"]
[Round "6.4"]
[White "Sant, Maria"]
[Black "O'Neill, Tom"]
[Result "0-1"]
[WhiteElo "1435"]
[BlackElo "1630"]
[PlyCount "60"]
[EventDate "2006.02.12"]
[EventType "team"]
[EventRounds "11"]
[EventCountry "ENG"]
[SourceDate "2005.10.25"]

1. e4 c5 2. Nc3 Nc6 3. f4 e6 4. Nf3 a6 5. Bc4 b5 6. Be2 Nd4 7. O-O Nf6 8. d3
Qb6 9. Be3 Ng4 10. Bxd4 cxd4 11. Nb1 Ne3 12. Qe1 Nxc2 13. Qf2 Nxa1 14. Nxd4 Bc5
15. Nxb5 Bxf2+ 16. Rxf2 axb5 17. Nd2 Rxa2 18. Bd1 Rxb2 19. Kf1 Qxf2+ 20. Kxf2
Rxd2+ 21. Ke1 Rxd1+ 22. Kxd1 Bb7 23. f5 Ke7 24. f6+ gxf6 25. h4 Rc8 26. g4 Rc2
27. h5 b4 28. h6 b3 29. g5 b2 30. e5 b1=Q# 0-1

[Event "4NCL/Div4/PAP vs. 3CS2"]
[Site "West Bromwich ENG"]
[Date "2006.03.18"]
[Round "7.1"]
[White "Summerscale, Aaron"]
[Black "Jaunooby, Ali Reza"]
[Result "1-0"]
[WhiteElo "2432"]
[BlackElo "2160"]
[PlyCount "85"]
[EventDate "2006.03.18"]
[EventType "team"]
[EventRounds "11"]
[EventCountry "ENG"]
[SourceDate "2005.10.25"]

1. d4 g6 2. e4 Bg7 3. c4 c5 4. d5 e5 5. Nc3 d6 6. Bd3 Ne7 7. h4 h6 8. h5 g5 9.
Nge2 O-O 10. Ng3 f6 11. a3 Na6 12. Rb1 Nc7 13. b4 b6 14. bxc5 dxc5 15. a4 Ne8
16. a5 Nd6 17. O-O Bd7 18. Re1 Qc7 19. Re2 Nb7 20. Bc2 Nd6 21. Qd3 Rfb8 22. Ba4
bxa5 23. Bxd7 Qxd7 24. Ba3 Rb4 25. Bxb4 axb4 26. Nd1 a5 27. Ne3 a4 28. Ngf5
Nexf5 29. Nxf5 Nxf5 30. exf5 Bf8 31. g4 Bd6 32. Kg2 e4 33. Qxe4 Be5 34. d6 Ra5
35. Qd5+ Qf7 36. Rxe5 fxe5 37. Qxe5 a3 38. Rd1 Ra7 39. Qxc5 Qb7+ 40. f3 Ra8 41.
d7 Rd8 42. Qe7 Qb6 43. f6 1-0

[Event "4NCL/Div4/PAP vs. 3CS2"]
[Site "West Bromwich ENG"]
[Date "2006.03.18"]
[Round "7.2"]
[White "Firth, Malcolm"]
[Black "Sheldon, Ruth"]
[Result "0-1"]
[WhiteElo "2130"]
[BlackElo "2256"]
[PlyCount "42"]
[EventDate "2006.03.18"]
[EventType "team"]
[EventRounds "11"]
[EventCountry "ENG"]
[SourceDate "2005.10.25"]

1. d4 Nf6 2. c4 g6 3. Nc3 Bg7 4. e4 d6 5. f3 O-O 6. Be3 Nc6 7. Nge2 a6 8. Nc1
Rb8 9. Nb3 Re8 10. Qd2 Bd7 11. O-O-O e5 12. d5 Nd4 13. Nxd4 exd4 14. Bxd4 c5
15. dxc6 bxc6 16. c5 Qa5 17. Nb1 Qxa2 18. Qc3 Rb3 19. Bxf6 Rxc3+ 20. Bxc3 Bh6+
21. Nd2 Be6 0-1

[Event "4NCL/Div4/PAP vs. 3CS2"]
[Site "West Bromwich ENG"]
[Date "2006.03.18"]
[Round "7.3"]
[White "Forbes, Cathy"]
[Black "Tompson, John C"]
[Result "1/2-1/2"]
[WhiteElo "2075"]
[BlackElo "2050"]
[PlyCount "55"]
[EventDate "2006.03.18"]
[EventType "team"]
[EventRounds "11"]
[EventCountry "ENG"]
[SourceDate "2005.10.25"]

1. d4 g6 2. Nf3 Nf6 3. Bf4 Bg7 4. Nbd2 c5 5. c3 cxd4 6. cxd4 d5 7. Bxb8 Rxb8 8.
Qa4+ Bd7 9. Qxa7 Ra8 10. Qc5 Ra5 11. Qc3 Qa8 12. a3 O-O 13. e3 Rc8 14. Qb3 Ba4
15. Qa2 Bb5 16. Bxb5 Rxb5 17. O-O Rc2 18. Rab1 Ne4 19. Nxe4 dxe4 20. Ne1 Rd2
21. f3 Bh6 22. fxe4 Bxe3+ 23. Kh1 e6 24. Nf3 Rc2 25. Ne5 Rxe5 26. dxe5 Qa4 27.
Rf3 Qxe4 28. Re1 1/2-1/2

[Event "4NCL/Div4/PAP vs. 3CS2"]
[Site "West Bromwich ENG"]
[Date "2006.03.18"]
[Round "7.4"]
[White "Lysons, John"]
[Black "Lang, Heather"]
[Result "0-1"]
[WhiteElo "1950"]
[BlackElo "2040"]
[PlyCount "162"]
[EventDate "2006.03.18"]
[EventType "team"]
[EventRounds "11"]
[EventCountry "ENG"]
[SourceDate "2005.10.25"]

1. Nf3 f5 2. g3 Nf6 3. Bg2 d6 4. d4 g6 5. c4 Bg7 6. Nc3 O-O 7. O-O Qe8 8. Bf4
Nh5 9. Bd2 e5 10. dxe5 dxe5 11. e4 f4 12. Qb3 Na6 13. Rad1 c6 14. a3 h6 15. Ne2
Nc5 16. Qc2 Nxe4 17. Bb4 Bf5 18. Nh4 Nexg3 19. Nxf5 Nxe2+ 20. Qxe2 Rxf5 21. Be4
Rf6 22. Kh1 a5 23. Bc3 Rf8 24. Rg1 g5 25. Bf3 Nf6 26. Bxe5 Rf7 27. Bxf6 Qxe2
28. Bxe2 Bxf6 29. c5 Re7 30. Bc4+ Kf8 31. b3 Ke8 32. Rd6 Bb2 33. Rxh6 Kd7 34.
a4 Ba3 35. Rxg5 f3 36. Rd6+ Kc7 37. Rd1 Rae8 38. h4 Rh8 39. h5 Reh7 40. Kh2
Rxh5+ 41. Rxh5 Rxh5+ 42. Kg3 Bxc5 43. Kxf3 Rf5+ 44. Ke4 Rxf2 45. Rf1 Rc2 46.
Kd3 Rh2 47. Rf5 Bb4 48. Rf7+ Kb8 49. Ke4 Rh4+ 50. Kd3 Rh3+ 51. Kc2 Rc3+ 52. Kb2
Re3 53. Kc2 Be7 54. Rf5 b6 55. Rh5 Kc7 56. Rf5 Bb4 57. Rh5 Rc3+ 58. Kb2 Rg3 59.
Kc2 b5 60. axb5 a4 61. bxc6 Rg2+ 62. Kb1 a3 63. Rh7+ Kxc6 64. Ra7 Kc5 65. Ra4
Rh2 66. Bf7 Re2 67. Bc4 Rb2+ 68. Ka1 Bc3 69. Rxa3 Kd4 70. Ra8 Rxb3+ 71. Ka2
Rb2+ 72. Ka3 Kxc4 73. Rc8+ Kd3 74. Rg8 Rb5 75. Ka4 Rb7 76. Rd8+ Bd4 77. Rc8 Bc3
78. Rd8+ Kc2 79. Rc8 Rb4+ 80. Ka3 Rd4 81. Rb8 Bb2+ 0-1

[Event "4NCL/Div4/PAP vs. 3CS2"]
[Site "West Bromwich ENG"]
[Date "2006.03.18"]
[Round "7.5"]
[White "Kieran, Rosalind A"]
[Black "Hazlehurst, Cory"]
[Result "1-0"]
[WhiteElo "2015"]
[BlackElo "1945"]
[PlyCount "59"]
[EventDate "2006.03.18"]
[EventType "team"]
[EventRounds "11"]
[EventCountry "ENG"]
[SourceDate "2005.10.25"]

1. e4 c6 2. d4 d5 3. Nc3 dxe4 4. Nxe4 Nf6 5. Nxf6+ gxf6 6. h3 Bf5 7. Nf3 e6 8.
Bd3 Bxd3 9. Qxd3 Nd7 10. Bf4 Nb6 11. c3 Bd6 12. Bxd6 Qxd6 13. O-O-O O-O-O 14.
g3 c5 15. Qb5 cxd4 16. Rxd4 Qc7 17. Rhd1 Rd5 18. Rxd5 Nxd5 19. Rd4 Kb8 20. Qd3
f5 21. Rc4 Qb6 22. Qe2 Rg8 23. Ne5 Qa6 24. Nxf7 Qxa2 25. Qe5+ Ka8 26. Nd6 Nb6
27. Qxe6 Rb8 28. Nb5 a6 29. Qxb6 axb5 30. Qxb5 1-0

[Event "4NCL/Div4/PAP vs. 3CS2"]
[Site "West Bromwich ENG"]
[Date "2006.03.18"]
[Round "7.6"]
[White "Compston, Michael"]
[Black "Summerscale, Claire E"]
[Result "0-1"]
[WhiteElo "1895"]
[BlackElo "1990"]
[PlyCount "44"]
[EventDate "2006.03.18"]
[EventType "team"]
[EventRounds "11"]
[EventCountry "ENG"]
[SourceDate "2005.10.25"]

1. e4 c6 2. d4 d5 3. exd5 cxd5 4. c4 Nf6 5. Nc3 Nc6 6. c5 g6 7. h3 Bg7 8. Nf3
O-O 9. Be3 Re8 10. Bb5 Ne4 11. Nxe4 dxe4 12. Ng5 Qa5+ 13. Qd2 Qxb5 14. Nxe4
Nxd4 15. Bxd4 Rd8 16. Nd6 exd6 17. Bxg7 Kxg7 18. Qd4+ Kg8 19. cxd6 Bf5 20. f3
Rac8 21. Kf2 Rc2+ 22. Kg3 Qxb2 0-1

[Event "4NCL/Div4/BRJ vs. ATH1"]
[Site "West Bromwich ENG"]
[Date "2006.03.18"]
[Round "7.1"]
[White "Headlong, Timothy"]
[Black "van Voorthuijsen, Pieter W"]
[Result "1/2-1/2"]
[WhiteElo "2205"]
[BlackElo "2220"]
[PlyCount "64"]
[EventDate "2006.03.18"]
[EventType "team"]
[EventRounds "11"]
[EventCountry "ENG"]
[SourceDate "2005.10.25"]

1. c4 e6 2. Nf3 Nf6 3. Nc3 d5 4. d4 Be7 5. Bg5 Nbd7 6. e3 O-O 7. Rc1 a6 8. cxd5
exd5 9. Bd3 c6 10. Qc2 Re8 11. O-O Nf8 12. h3 Be6 13. a3 a5 14. Ne5 N6d7 15.
Bxe7 Qxe7 16. Nxd7 Bxd7 17. Na4 g6 18. Nb6 Ra7 19. Qc5 Qxc5 20. Rxc5 Bf5 21.
Bxf5 gxf5 22. Na4 f4 23. Rc3 Ne6 24. Rd3 b5 25. Nc3 fxe3 26. fxe3 Nd8 27. Nd1
Re6 28. Rf2 Nb7 29. a4 Nd6 30. Rc2 Ra6 31. axb5 Nxb5 32. Nc3 Nxc3 1/2-1/2

[Event "4NCL/Div4/BRJ vs. ATH1"]
[Site "West Bromwich ENG"]
[Date "2006.03.18"]
[Round "7.2"]
[White "Spreeuw, Jaap"]
[Black "Richmond, Jane"]
[Result "1/2-1/2"]
[WhiteElo "2180"]
[BlackElo "2090"]
[PlyCount "83"]
[EventDate "2006.03.18"]
[EventType "team"]
[EventRounds "11"]
[EventCountry "ENG"]
[SourceDate "2005.10.25"]

1. Nf3 d5 2. c4 e6 3. g3 c5 4. cxd5 exd5 5. d4 Nc6 6. Bg2 Be6 7. Nc3 cxd4 8.
Nxd4 Qb6 9. Nxc6 bxc6 10. O-O Rd8 11. Qc2 Bd6 12. Be3 Qb8 13. Bd4 f6 14. Na4
Ne7 15. Nc5 Bc8 16. Qa4 Be5 17. e3 O-O 18. Rfd1 Rfe8 19. Rac1 Bf5 20. Rd2 Bxd4
21. Qxd4 Qe5 22. Nb3 Rb8 23. Rc5 Rb6 24. Qxe5 fxe5 25. e4 Be6 26. Ra5 Rb4 27.
Nc5 Bf7 28. Rxa7 Rc4 29. Nb3 dxe4 30. Bf1 Rb4 31. Nc5 Bd5 32. Na6 Rd4 33. Rxd4
exd4 34. Nc7 Rb8 35. Nxd5 Nxd5 36. Ra4 Rxb2 37. Rxd4 e3 38. fxe3 Nxe3 39. Bc4+
Nxc4 40. Rxc4 Rxa2 41. Rxc6 g6 42. Kh1 1/2-1/2

[Event "4NCL/Div4/BRJ vs. ATH1"]
[Site "West Bromwich ENG"]
[Date "2006.03.18"]
[Round "7.3"]
[White "Hall, Daniel J"]
[Black "Roberts, Paul"]
[Result "1/2-1/2"]
[WhiteElo "2080"]
[BlackElo "2200"]
[PlyCount "38"]
[EventDate "2006.03.18"]
[EventType "team"]
[EventRounds "11"]
[EventCountry "ENG"]
[SourceDate "2005.10.25"]

1. e4 Nc6 2. Nc3 e5 3. Nf3 Nf6 4. d4 d6 5. Bb5 exd4 6. Nxd4 Bd7 7. O-O Be7 8.
Nf5 Bxf5 9. exf5 Qd7 10. Nd5 Nxd5 11. Qxd5 O-O 12. g4 a6 13. Bd3 Ne5 14. Qxb7
Nxg4 15. Qg2 Ne5 16. Bh6 Bf6 17. f4 Kh8 18. fxe5 gxh6 19. Qe4 dxe5 1/2-1/2

[Event "4NCL/Div4/BRJ vs. ATH1"]
[Site "West Bromwich ENG"]
[Date "2006.03.18"]
[Round "7.4"]
[White "Stevenson, James A B"]
[Black "Cabero, Pablo Padilla"]
[Result "1-0"]
[WhiteElo "2195"]
[BlackElo "1955"]
[PlyCount "63"]
[EventDate "2006.03.18"]
[EventType "team"]
[EventRounds "11"]
[EventCountry "ENG"]
[SourceDate "2005.10.25"]

1. e4 Nf6 2. e5 Nd5 3. d4 c5 4. c4 Nb4 5. dxc5 d6 6. Qa4+ N8c6 7. a3 b5 8. cxb5
dxc5 9. bxc6 Nd3+ 10. Bxd3 Qxd3 11. Nc3 f6 12. Bf4 Ba6 13. Nge2 g5 14. e6 Qc4
15. Be3 Bg7 16. Qxc4 Bxc4 17. Bxc5 O-O 18. Nd4 f5 19. O-O-O Rac8 20. Bxe7 Rfe8
21. Bxg5 Bxe6 22. Ncb5 Bxd4 23. Nxd4 Bd5 24. Rhe1 Rf8 25. Re7 Bxc6 26. Nxc6
Rxc6+ 27. Kb1 f4 28. g3 fxg3 29. fxg3 h6 30. Bf4 a5 31. Rdd7 Rg6 32. Be5 1-0

[Event "4NCL/Div4/BRJ vs. ATH1"]
[Site "West Bromwich ENG"]
[Date "2006.03.18"]
[Round "7.5"]
[White "Tomboline, David"]
[Black "Pedersen, Carsten"]
[Result "1/2-1/2"]
[WhiteElo "1985"]
[BlackElo "2175"]
[PlyCount "33"]
[EventDate "2006.03.18"]
[EventType "team"]
[EventRounds "11"]
[EventCountry "ENG"]
[SourceDate "2005.10.25"]

1. d4 Nf6 2. Bf4 e6 3. e3 c5 4. c3 Qb6 5. Qb3 Nd5 6. Bg3 cxd4 7. exd4 f5 8. Nh3
Nc6 9. Nf4 Qxb3 10. axb3 Nf6 11. Nd3 b6 12. Be2 Ne4 13. Bf4 Bb7 14. b4 Be7 15.
Nd2 g5 16. Be3 Nxd2 17. Bxd2 1/2-1/2

[Event "4NCL/Div4/BRJ vs. ATH1"]
[Site "West Bromwich ENG"]
[Date "2006.03.18"]
[Round "7.6"]
[White "McKeown, Paul"]
[Black "Tanner, Gary"]
[Result "0-1"]
[WhiteElo "2060"]
[BlackElo "1885"]
[PlyCount "56"]
[EventDate "2006.03.18"]
[EventType "team"]
[EventRounds "11"]
[EventCountry "ENG"]
[SourceDate "2005.10.25"]

1. d4 Nf6 2. c4 g6 3. Nc3 Bg7 4. e4 d6 5. Nf3 O-O 6. Be2 e5 7. O-O Nc6 8. d5
Ne7 9. b4 Nh5 10. Re1 h6 11. c5 f5 12. cxd6 cxd6 13. Qb3 Kh8 14. Nd2 Nf6 15.
Bf3 f4 16. Nc4 g5 17. Ba3 Ne8 18. Be2 g4 19. f3 h5 20. b5 Ng6 21. b6 a6 22. Nd1
Qh4 23. Nde3 fxe3 24. Nxd6 gxf3 25. Bxf3 Qf2+ 26. Kh1 Rxf3 27. Nxe8 Bh3 28. Rg1
Nf4 0-1

[Event "4NCL/Div4/NOTT1 vs. SUFFP"]
[Site "West Bromwich ENG"]
[Date "2006.03.18"]
[Round "7.1"]
[White "Richmond, Robert J"]
[Black "Munson, Shaun D"]
[Result "1-0"]
[WhiteElo "2190"]
[BlackElo "2225"]
[PlyCount "81"]
[EventDate "2006.03.18"]
[EventType "team"]
[EventRounds "11"]
[EventCountry "ENG"]
[SourceDate "2005.10.25"]

1. d4 d5 2. c4 c6 3. Nf3 Nf6 4. Nc3 dxc4 5. a4 Na6 6. e3 Bg4 7. Bxc4 e6 8. Qb3
Nb4 9. Bd2 Bxf3 10. gxf3 a5 11. Na2 Nxa2 12. Rxa2 Qc7 13. Ra1 Nd5 14. Rc1 Nb4
15. d5 exd5 16. Bxd5 Qd7 17. Be4 f5 18. Bb1 O-O-O 19. Rd1 Bd6 20. Bc3 Rhf8 21.
O-O Qe7 22. f4 Qf7 23. Qxf7 Rxf7 24. Kg2 b6 25. Rd2 Be7 26. Rxd8+ Bxd8 27. Rd1
Bc7 28. Kf3 g6 29. h4 Re7 30. h5 Nd5 31. hxg6 hxg6 32. Rg1 Nxc3 33. bxc3 Rd7
34. Rxg6 Rd1 35. Bxf5+ Kb7 36. Be4 Rc1 37. Rxc6 Ra1 38. Rc4+ Kb8 39. Bc6 Rd1
40. Re4 Bd6 41. Rd4 1-0

[Event "4NCL/Div4/NOTT1 vs. SUFFP"]
[Site "West Bromwich ENG"]
[Date "2006.03.18"]
[Round "7.2"]
[White "Gregory, Stephen J"]
[Black "Mercs, Peter J"]
[Result "1-0"]
[WhiteElo "2155"]
[BlackElo "2110"]
[PlyCount "129"]
[EventDate "2006.03.18"]
[EventType "team"]
[EventRounds "11"]
[EventCountry "ENG"]
[SourceDate "2005.10.25"]

1. e4 c5 2. Nf3 d6 3. d3 Nc6 4. g3 g6 5. Bg2 Bg7 6. O-O e6 7. Re1 Nge7 8. c3
O-O 9. a3 Rb8 10. b4 cxb4 11. axb4 Nxb4 12. Bg5 Nbc6 13. Qd2 a6 14. Bh6 Ne5 15.
Bxg7 Nxf3+ 16. Bxf3 Kxg7 17. Na3 b5 18. e5 dxe5 19. Rxe5 Qd6 20. d4 Bb7 21.
Bxb7 Rxb7 22. Nc2 Rd8 23. Rae1 a5 24. h4 h5 25. Qe2 Nf5 26. Rb1 Qc6 27. Rc5 Qd6
28. Na3 Rdb8 29. Rbxb5 Qd7 30. Rxa5 Rb1+ 31. Nxb1 Rxb1+ 32. Kg2 Qb7+ 33. d5
exd5 34. Rab5 Rxb5 35. Rxb5 Qc7 36. Qd3 Ne7 37. Qd4+ Kh7 38. Rc5 Qb6 39. Qb4
Qe6 40. Qd4 Qf5 41. c4 Qd7 42. cxd5 Qd6 43. Ra5 Qd8 44. Ra7 Kg8 45. Qe4 Nxd5
46. Qf3 Nc7 47. Qb7 Qd5+ 48. Qxd5 Nxd5 49. Kf3 Kg7 50. Ke4 Nf6+ 51. Kf4 Nh7 52.
f3 Nf8 53. Ke5 Nh7 54. Kd6 Nf6 55. Ra4 Ne8+ 56. Ke7 Nf6 57. g4 hxg4 58. fxg4
Nd5+ 59. Kd6 Nf6 60. Rf4 Ng8 61. g5 Kf8 62. Re4 Kg7 63. Kd7 f5 64. Re8 Kf7 65.
Re6 1-0

[Event "4NCL/Div4/NOTT1 vs. SUFFP"]
[Site "West Bromwich ENG"]
[Date "2006.03.18"]
[Round "7.3"]
[White "Walker, Andrew N"]
[Black "Wallis, Ian"]
[Result "1/2-1/2"]
[WhiteElo "2095"]
[BlackElo "2100"]
[PlyCount "141"]
[EventDate "2006.03.18"]
[EventType "team"]
[EventRounds "11"]
[EventCountry "ENG"]
[SourceDate "2005.10.25"]

1. e4 e5 2. Nf3 Nc6 3. Bb5 a6 4. Bc4 Nf6 5. O-O Be7 6. d4 exd4 7. Nxd4 Nxd4 8.
e5 Nc6 9. exf6 Bxf6 10. Re1+ Ne7 11. Nc3 O-O 12. Ne4 Ng6 13. Qf3 Be7 14. Bb3 d5
15. Bxd5 Ne5 16. Qb3 c6 17. Ng3 Bd6 18. Bf4 Qf6 19. Nh5 Qf5 20. Bxe5 Bxe5 21.
Bf3 g6 22. Ng3 Bxg3 23. hxg3 Qb5 24. Qxb5 axb5 25. a3 Be6 26. Rad1 Rfd8 27.
Rxd8+ Rxd8 28. Rd1 Ra8 29. c3 Kf8 30. Rd2 Ke7 31. Be4 h5 32. f4 Kf6 33. Kf2 Re8
34. Bf3 Re7 35. Rd6 Re8 36. Rd2 Bf5 37. Rd6+ Kg7 38. Rd1 Re7 39. Re1 Rxe1 40.
Kxe1 f6 41. Kd2 Kf7 42. Ke3 Ke6 43. Kd4 Kd6 44. b4 b6 45. Be2 Bb1 46. Bf3 Bf5
47. Be2 Be6 48. Bd3 g5 49. fxg5 fxg5 50. Bg6 h4 51. gxh4 gxh4 52. Bd3 Bd5 53.
Bf1 Ke6 54. c4 bxc4 55. Bxc4 b5 56. Bf1 Kd6 57. Ke3 Ke5 58. Kf2 Kf4 59. Bd3 Ke5
60. Bf1 Kd4 61. Be2 Kc3 62. Bd1 Kb2 63. a4 bxa4 64. Bxa4 Ka3 65. Bxc6 Bxc6 66.
b5 Bb7 67. g3 h3 68. Kg1 Kb4 69. Kh2 Bc8 70. b6 Kc5 71. g4 1/2-1/2

[Event "4NCL/Div4/NOTT1 vs. SUFFP"]
[Site "West Bromwich ENG"]
[Date "2006.03.18"]
[Round "7.4"]
[White "Gray, Mark S"]
[Black "Halfpenny, Glenn"]
[Result "1/2-1/2"]
[WhiteElo "2105"]
[BlackElo "2125"]
[PlyCount "62"]
[EventDate "2006.03.18"]
[EventType "team"]
[EventRounds "11"]
[EventCountry "ENG"]
[SourceDate "2005.10.25"]

1. e4 c5 2. d4 cxd4 3. c3 d5 4. exd5 Qxd5 5. cxd4 Nc6 6. Nf3 e5 7. Nc3 Bb4 8.
Bd2 Bxc3 9. Bxc3 e4 10. Ne5 Nxe5 11. dxe5 Ne7 12. Qxd5 Nxd5 13. Bb5+ Bd7 14.
Bxd7+ Kxd7 15. O-O-O Ke6 16. Bd4 Nf4 17. Kb1 Rhd8 18. Be3 Nd3 19. Rhf1 Kxe5 20.
f3 f5 21. fxe4 Kxe4 22. Bg5 Rd5 23. Rf3 f4 24. Bxf4 Nxf4 25. Rxf4+ Kxf4 26.
Rxd5 Re8 27. Rd7 Re1+ 28. Kc2 Re2+ 29. Kc3 Rxg2 30. Rxb7 a5 31. h4 Ke5 1/2-1/2